Những ngày cuối cùng của thành Pompéi

Uloženo v:
Podrobná bibliografie
Hlavní autor: Edward G. Bulwer Lytton
Médium: Kniha
Jazyk:Undetermined
Vydáno: Tp. HCM Thanh Niên 2001
Témata:
Tagy: Přidat tag
Žádné tagy, Buďte první, kdo otaguje tento záznam!
Thư viện lưu trữ: Trung tâm Học liệu Trường Đại học Cần Thơ
LEADER 00558nam a2200181Ia 4500
001 CTU_51949
008 210402s9999 xx 000 0 und d
020 |b 17000 
082 |a 823 
082 |b L998 
100 |a Edward G. Bulwer Lytton 
245 0 |a Những ngày cuối cùng của thành Pompéi 
245 0 |c Edward G. Bulwer Lytton; Nguyễn Văn Của biên dịch 
260 |a Tp. HCM 
260 |b Thanh Niên 
260 |c 2001 
650 |a english fiction ( vietnamese ) 
980 |a Trung tâm Học liệu Trường Đại học Cần Thơ